[Event "EU-chT Seniors 03rd"]
[Site "Dresden"]
[Date "2001.03.03"]
[Round "7.1"]
[White "Bednarski, Jacek B"]
[Black "Rotstein, Jefim"]
[Result "1/2-1/2"]
[WhiteElo "2280"]
[BlackElo "2344"]
[PlyCount "111"]
[EventDate "2001.02.26"]
[EventType "team-swiss"]
[EventRounds "7"]
[EventCountry "GER"]
[SourceTitle "EXT 2005"]
[Source "ChessBase"]
[SourceDate "2004.11.15"]
[SourceVersion "1"]
[SourceVersionDate "2004.11.15"]
[SourceQuality "1"]

1. e4 c5 2. Nf3 e6 3. d4 cxd4 4. Nxd4 Nf6 5. Nc3 d6 6. Be2 a6 7. f4 Qc7 8. 0-0 Be7 9. Kh1 0-0 10. g4 d5 11. exd5 Nxd5 12. Nxd5 exd5 13. Bf3 Nc6 14. c3 Bd7 15. Nc2 Bd6 16. Ne3 Ne7 17. Nxd5 Nxd5 18. Bxd5 Bb5 19. Re1 Rad8 20. Qf3 Be7 21. c4 Bh4 22. Re4 Bc6 23. Re2 Bxd5 24. cxd5 Qc4 25. Bd2 Bf6 26. b3 Qxd5 27. Qxd5 Rxd5 28. Rc1 Rfd8 29. Be3 h5 30. h3 Re8 31. Rd2 Rxd2 32. Bxd2 Re2 33. Rd1 Be7 34. gxh5 Kh7 35. Re1 Rxe1+ 36. Bxe1 Kh6 37. Bc3 Bf8 38. Kg2 Kxh5 39. Be1 Kg6 40. Kf3 Kf5 41. Bd2 g6 42. Be3 Be7 43. Bd2 Bf6 44. Be3 Bd8 45. Bd2 Ke6 46. Ke4 Bb6 47. Bc1 f5+ 48. Kd3 Kd5 49. Bd2 Bc5 50. Bc1 Bb4 51. Be3 b5 52. Bc1 Be7 53. Bd2 Kc5 54. Be3+ Kb4 55. Kc2 Bd6 56. Kb2 1/2-1/2

[Event "EU-chT Seniors 03rd"]
[Site "Dresden"]
[Date "2001.02.28"]
[Round "4.1"]
[White "Rudnik, Heinz"]
[Black "Bednarski, Jacek B"]
[Result "1/2-1/2"]
[WhiteElo "2089"]
[BlackElo "2280"]
[PlyCount "47"]
[EventDate "2001.02.26"]
[EventType "team-swiss"]
[EventRounds "7"]
[EventCountry "GER"]
[SourceTitle "EXT 2005"]
[Source "ChessBase"]
[SourceDate "2004.11.15"]
[SourceVersion "1"]
[SourceVersionDate "2004.11.15"]
[SourceQuality "1"]

1. Nf3 d5 2. d4 c6 3. e3 Bf5 4. c4 e6 5. Nc3 Nd7 6. Be2 a6 7. 0-0 h6 8. b3 Bd6 9. Bd3 Bxd3 10. Qxd3 f5 11. Bb2 Qf6 12. Ne2 Ne7 13. cxd5 exd5 14. Qc3 Ng6 15. g3 0-0 16. Nf4 Rae8 17. Rfe1 Nh8 18. Nd3 Nf7 19. b4 Qe7 20. Nh4 Ng5 21. f3 Rf6 22. a3 Qf7 23. Qd2 Rfe6 24. Ne5 1/2-1/2

[Event "EU-chT Seniors 02nd"]
[Site "Dresden"]
[Date "2000.03.07"]
[Round "6.1"]
[White "Bednarski, Jacek B"]
[Black "Rosen, Willy"]
[Result "1/2-1/2"]
[WhiteElo "2250"]
[BlackElo "2308"]
[PlyCount "29"]
[EventDate "2000.03.01"]
[EventType "team-swiss"]
[EventRounds "7"]
[EventCountry "GER"]
[SourceTitle "EXT 2005"]
[Source "ChessBase"]
[SourceDate "2004.11.15"]
[SourceVersion "1"]
[SourceVersionDate "2004.11.15"]
[SourceQuality "1"]

1. e4 c5 2. Nf3 Nc6 3. Bb5 g6 4. 0-0 Bg7 5. c3 Nf6 6. Re1 0-0 7. d4 d5 8. exd5 Qxd5 9. c4 Qd6 10. d5 Nd4 11. Nxd4 cxd4 12. Nd2 a6 13. Ba4 b5 14. cxb5 Nxd5 15. Ne4 1/2-1/2

[Event "EU-chT Seniors 02nd"]
[Site "Dresden"]
[Date "2000.03.04"]
[Round "4.1"]
[White "Landgraf, Siegfried"]
[Black "Bednarski, Jacek B"]
[Result "0-1"]
[WhiteElo "2170"]
[BlackElo "2250"]
[PlyCount "100"]
[EventDate "2000.03.01"]
[EventType "team-swiss"]
[EventRounds "7"]
[EventCountry "GER"]
[SourceTitle "EXT 2005"]
[Source "ChessBase"]
[SourceDate "2004.11.15"]
[SourceVersion "1"]
[SourceVersionDate "2004.11.15"]
[SourceQuality "1"]

1. Nf3 d5 2. g3 Bg4 3. Bg2 Nd7 4. d4 e6 5. 0-0 c6 6. Nbd2 Ngf6 7. c4 a5 8. cxd5 cxd5 9. Ne5 Nxe5 10. dxe5 Nd7 11. h3 Bh5 12. f4 Bb4 13. Nf3 Qb6+ 14. Kh2 0-0 15. g4 Bg6 16. Nh4 Rfd8 17. Nxg6 hxg6 18. Qd3 Rac8 19. a3 Be7 20. Rb1 a4 21. b4 axb3 22. Qxb3 Qa5 23. Qd1 Qa6 24. Qd3 Rc4 25. Be3 g5 26. fxg5 Nxe5 27. Qb3 Rd7 28. Bf4 Ng6 29. Bg3 Bxg5 30. Bf3 Bf4 31. Bxf4 Nxf4 32. e3 Ng6 33. Be2 Qd6+ 34. Kh1 Rcc7 35. Qb4 Qe5 36. Qd4 Qg5 37. a4 Nh4 38. Qf4 Qd8 39. a5 g5 40. Qd4 Qe7 41. a6 bxa6 42. Bxa6 e5 43. Rb8+ Kg7 44. Qb2 d4 45. Qe2 Rc3 46. exd4 Rxh3+ 47. Kg1 e4 48. d5 Qc5+ 49. Rf2 Nf3+ 50. Kg2 Rh2+ 0-1

[Event "Katowice op"]
[Site "Katowice"]
[Date "1995.??.??"]
[Round "4"]
[White "Romanov, Oleg"]
[Black "Bednarski, Jacek B"]
[Result "1-0"]
[WhiteElo "2275"]
[BlackElo "2280"]
[PlyCount "47"]
[EventDate "1995.??.??"]
[EventType "swiss"]
[EventRounds "9"]
[EventCountry "POL"]
[SourceTitle "EXT 2000"]
[Source "ChessBase"]
[SourceDate "1999.11.16"]
[SourceVersion "1"]
[SourceVersionDate "1999.11.16"]
[SourceQuality "1"]

1. d4 e6 2. c4 d5 3. Nc3 c6 4. Nf3 Nf6 5. e3 Nbd7 6. Bd3 Bd6 7. 0-0 0-0 8. e4 e5 9. cxd5 cxd5 10. exd5 exd4 11. Nxd4 Nc5 12. Bf5 Nxd5 13. Nxd5 Bxh2+ 14. Kxh2 Qxd5 15. Bxc8 Raxc8 16. Be3 Rcd8 17. Kg1 Qe4 18. Qc2 Rxd4 19. Qxe4 Rxe4 20. Bxc5 Ra8 21. Rfe1 Rc4 22. Bxa7 h5 23. Be3 Rb4 24. b3 1-0

[Event "Sion"]
[Site "Sion"]
[Date "1990.??.??"]
[Round "?"]
[White "Bednarski, Jacek B"]
[Black "Allegro, Valery"]
[Result "1-0"]
[WhiteElo "2325"]
[BlackElo "2350"]
[PlyCount "39"]
[EventDate "1990.??.??"]
[EventType "schev"]
[EventRounds "5"]
[EventCountry "ESP"]
[SourceTitle "EXT 1997"]
[Source "ChessBase"]
[SourceDate "1996.11.15"]
[SourceVersion "1"]
[SourceVersionDate "1996.11.15"]
[SourceQuality "1"]

1. e4 Nc6 2. Nf3 d5 3. exd5 Qxd5 4. Nc3 Qa5 5. Bb5 Bg4 6. h3 Bh5 7. g4 Bg6 8. Ne5 Be4 9. f3 a6 10. Nc4 Qb4 11. a3 Qc5 12. d4 Qa7 13. fxe4 axb5 14. Nxb5 Qb8 15. Bf4 e5 16. Nxe5 Bd6 17. Nxd6+ cxd6 18. Nc4 Nf6 19. Nxd6+ Kd7 20. g5 1-0

[Event "Sion"]
[Site "Sion"]
[Date "1990.??.??"]
[Round "?"]
[White "Vianin, Pascal"]
[Black "Bednarski, Jacek B"]
[Result "0-1"]
[WhiteElo "2210"]
[BlackElo "2325"]
[PlyCount "80"]
[EventDate "1990.??.??"]
[EventType "schev"]
[EventRounds "5"]
[EventCountry "ESP"]
[SourceTitle "EXT 1997"]
[Source "ChessBase"]
[SourceDate "1996.11.15"]
[SourceVersion "1"]
[SourceVersionDate "1996.11.15"]
[SourceQuality "1"]

1. d4 g6 2. c4 Bg7 3. Nc3 d6 4. e4 Nd7 5. Be3 e5 6. d5 Bh6 7. Bxh6 Nxh6 8. h4 f6 9. Qd2 Nf7 10. h5 g5 11. Be2 a5 12. h6 Nc5 13. Bh5 0-0 14. Nge2 Nxh6 15. 0-0-0 Kg7 16. Rh2 Rh8 17. f3 f5 18. Rdh1 fxe4 19. Nxe4 Nxe4 20. fxe4 Ng4 21. Bxg4 Bxg4 22. Rh6 Qe7 23. Ng3 Raf8 24. Qxa5 Rf2 25. Qc3 Qf8 26. Qe3 Qf4 27. Qxf4 gxf4 28. Nf5+ Bxf5 29. exf5 Rxg2 30. Re6 Rf8 31. c5 f3 32. Re7+ Rf7 33. Rxf7+ Kxf7 34. Rf1 e4 35. cxd6 cxd6 36. a4 e3 37. Rxf3 Rg1+ 38. Kc2 e2 39. Re3 e1Q 40. Rxe1 Rxe1 0-1

[Event "Berliner Sommer 06th"]
[Site "Berlin West"]
[Date "1988.??.??"]
[Round "9"]
[White "Bednarski, Jacek B"]
[Black "Domont, Alexandre"]
[Result "1-0"]
[WhiteElo "2375"]
[BlackElo "2260"]
[PlyCount "51"]
[EventDate "1988.08.06"]
[EventType "swiss"]
[EventRounds "9"]
[EventCountry "GER"]
[SourceTitle "TD"]
[Source "ChessBase"]
[SourceDate "1994.03.01"]
[SourceVersion "1"]
[SourceVersionDate "1994.03.01"]
[SourceQuality "1"]

1. e4 c5 2. Nf3 Nc6 3. Bb5 e6 4. Bxc6 bxc6 5. 0-0 Ne7 6. b3 Ng6 7. Bb2 f6 8. e5 Be7 9. d3 0-0 10. Nbd2 fxe5 11. Nxe5 Nxe5 12. Bxe5 d6 13. Bc3 e5 14. Qe2 Bf5 15. Rae1 g5 16. a3 Qe8 17. b4 cxb4 18. axb4 Qg6 19. Nc4 Rae8 20. Ra1 e4 21. dxe4 Bxe4 22. Rxa7 Bxc2 23. Rxe7 Rxe7 24. Qxe7 Bd3 25. Nxd6 Bxf1 26. Qe5 1-0

[Event "Berliner Sommer 06th"]
[Site "Berlin West"]
[Date "1988.??.??"]
[Round "8"]
[White "Bednarski, Jacek B"]
[Black "Pekarek, Ales"]
[Result "1/2-1/2"]
[WhiteElo "2375"]
[BlackElo "2455"]
[PlyCount "104"]
[EventDate "1988.08.06"]
[EventType "swiss"]
[EventRounds "9"]
[EventCountry "GER"]
[SourceTitle "TD"]
[Source "ChessBase"]
[SourceDate "1994.03.01"]
[SourceVersion "1"]
[SourceVersionDate "1994.03.01"]
[SourceQuality "1"]

1. e4 c5 2. Nf3 e6 3. c3 Nf6 4. e5 Nd5 5. d4 cxd4 6. cxd4 b6 7. Nc3 Nxc3 8. bxc3 Qc7 9. Bd2 Bb7 10. Bd3 d6 11. 0-0 Nd7 12. Re1 dxe5 13. Nxe5 Nxe5 14. Rxe5 Bd6 15. Rh5 g6 16. Rh3 Qc6 17. Qf1 a6 18. Bh6 Bf8 19. Bxf8 Kxf8 20. Re1 Qxc3 21. Bxg6 Qxd4 22. Bh5 Rg8 23. Bf3 Bxf3 24. Rxf3 Rg6 25. Rd1 Qe4 26. Re3 Qc6 27. Red3 e5 28. Rd5 Re6 29. Qe2 b5 30. Rxe5 Rae8 31. Rxe6 Rxe6 32. Qb2 f6 33. Qb4+ Kf7 34. h3 Re4 35. Qd2 Qe6 36. Qh6 Re1+ 37. Rxe1 Qxe1+ 38. Kh2 Qe5+ 39. f4 Qf5 40. g4 Qg6 41. Qh4 Qc2+ 42. Kg3 Qc3+ 43. Kg2 Qd3 44. Qf2 Qd7 45. Kg3 a5 46. Qc2 Kg7 47. g5 fxg5 48. fxg5 Qd6+ 49. Kg4 Qe6+ 50. Kg3 Qe5+ 51. Kg4 b4 52. Qc6 Qe2+ 1/2-1/2

[Event "Naestved op"]
[Site "Naestved"]
[Date "1988.??.??"]
[Round "6"]
[White "Bednarski, Jacek B"]
[Black "Wedberg, Tom"]
[Result "1/2-1/2"]
[WhiteElo "2375"]
[BlackElo "2510"]
[PlyCount "102"]
[EventDate "1988.07.??"]
[EventType "swiss"]
[EventRounds "9"]
[EventCountry "DEN"]
[SourceTitle "EXT 2000"]
[Source "ChessBase"]
[SourceDate "1999.11.16"]
[SourceVersion "1"]
[SourceVersionDate "1999.11.16"]
[SourceQuality "1"]

1. e4 e5 2. Nc3 Nf6 3. Nf3 Nc6 4. Bb5 Bb4 5. 0-0 0-0 6. d3 d6 7. Bg5 Bxc3 8. bxc3 h6 9. Bh4 Kh8 10. Bxc6 bxc6 11. Nd2 g5 12. Bg3 Bg4 13. f3 Be6 14. Bf2 Rg8 15. c4 Nh5 16. Kh1 Rg6 17. Qe1 c5 18. Rg1 Qd7 19. Nf1 g4 20. fxg4 Bxg4 21. Ne3 Nf4 22. Bh4 Rag8 23. Rf1 Bh3 24. gxh3 Qxh3 25. Qf2 Rg2 26. Nxg2 Rxg2 27. Bg3 Rxf2 28. Rxf2 Qg4 29. Bxf4 exf4 30. Raf1 Qe6 31. Rxf4 Qh3 32. Rxf7 Kg8 33. R7f3 Qh5 34. a4 a5 35. Kg2 Qe5 36. R1f2 Qa1 37. h4 h5 38. Rf5 Qxa4 39. Rg5+ Kh7 40. Rxh5+ Kg6 41. Rg5+ Kh6 42. Rgf5 Qa1 43. Rf6+ Kg7 44. Rf7+ Kg8 45. R7f5 a4 46. Rg5+ Kh8 47. Kh2 Qe1 48. Rgg2 a3 49. c3 Kh7 50. Rf7+ Kh6 51. Rf6+ Kh7 1/2-1/2

[Event "Naestved op"]
[Site "Naestved"]
[Date "1988.??.??"]
[Round "1"]
[White "Larsen, Bent"]
[Black "Bednarski, Jacek B"]
[Result "1-0"]
[WhiteElo "2560"]
[BlackElo "2375"]
[PlyCount "56"]
[EventDate "1988.07.??"]
[EventType "swiss"]
[EventRounds "9"]
[EventCountry "DEN"]
[SourceTitle "EXT 2000"]
[Source "ChessBase"]
[SourceDate "1999.11.16"]
[SourceVersion "1"]
[SourceVersionDate "1999.11.16"]
[SourceQuality "1"]

1. g3 d5 2. Nf3 Bg4 3. Bg2 Nd7 4. c4 c6 5. cxd5 cxd5 6. 0-0 Ngf6 7. Nc3 e6 8. d3 Bc5 9. Bf4 0-0 10. Rc1 a6 11. d4 Ba7 12. Ne5 Bh5 13. Qd2 Qb6 14. Nxd7 Nxd7 15. e4 dxe4 16. Nxe4 Qxd4 17. Rc7 Ne5 18. Bxe5 Qxe5 19. Rxb7 h6 20. b4 f5 21. Nc5 Bxc5 22. bxc5 Qxc5 23. Qb2 e5 24. Rc1 Qd6 25. Rcc7 Kh8 26. Rxg7 Bg6 27. Rbd7 Qf6 28. Rxg6 Qxg6 1-0

[Event "Myslenice"]
[Site "Myslenice"]
[Date "1987.??.??"]
[Round "8"]
[White "Dobrovolsky, Ladislav"]
[Black "Bednarski, Jacek B"]
[Result "1/2-1/2"]
[WhiteElo "2425"]
[BlackElo "2360"]
[PlyCount "98"]
[EventDate "1987.??.??"]
[EventType "tourn"]
[EventRounds "11"]
[EventCountry "POL"]
[EventCategory "6"]
[SourceTitle "EXT 1997"]
[Source "ChessBase"]
[SourceDate "1996.11.15"]
[SourceVersion "1"]
[SourceVersionDate "1996.11.15"]
[SourceQuality "1"]

1. e4 e6 2. d4 d5 3. Nd2 Nf6 4. e5 Nfd7 5. f4 c5 6. c3 Nc6 7. Ndf3 Qb6 8. g3 Be7 9. Kf2 cxd4 10. cxd4 g5 11. Ne2 gxf4 12. gxf4 f6 13. Kg2 Nf8 14. Rg1 Bd7 15. Kh1 0-0-0 16. Bh3 Kb8 17. Rb1 Ng6 18. b4 Na5 19. f5 exf5 20. e6 Bxe6 21. bxa5 Qxb1 22. Bf4+ Nxf4 23. Qxb1 Nxh3 24. Rf1 a6 25. Nh4 Rd7 26. Nxf5 Bd8 27. Qd3 Ng5 28. Nf4 Bf7 29. Rb1 Bg6 30. Nxg6 hxg6 31. Ng3 Rdh7 32. Rb2 Bxa5 33. Nf1 Ne4 34. Ng3 Bc3 35. Re2 Rxh2+ 36. Rxh2 Nf2+ 37. Kg1 Nxd3 38. Rxh8+ Ka7 39. Ne2 Bb2 40. Rh3 Nc1 41. Nxc1 Bxc1 42. Kf2 g5 43. Rh6 f5 44. Rf6 f4 45. Kf3 Be3 46. Rf5 Bxd4 47. Rxg5 Be3 48. Rxd5 b5 49. Rd6 Kb7 1/2-1/2

[Event "Bundesliga 1983/84"]
[Site "Germany"]
[Date "1984.05.06"]
[Round "15.7"]
[White "Bednarski, Jacek B"]
[Black "Capelan, Guenter"]
[Result "0-1"]
[WhiteElo "2325"]
[BlackElo "2425"]
[PlyCount "82"]
[EventDate "1983.10.09"]
[EventType "team-tourn"]
[EventRounds "15"]
[EventCountry "GER"]
[SourceTitle "GER-chT"]
[Source "ChessBase"]
[SourceDate "1999.07.01"]
[SourceVersion "1"]
[SourceVersionDate "1999.07.01"]
[SourceQuality "1"]
[WhiteTeam "Hamburger SK"]
[BlackTeam "Solingen"]
[WhiteTeamCountry "GER"]
[BlackTeamCountry "GER"]

1. e4 c5 2. Nf3 e6 3. d4 cxd4 4. Nxd4 a6 5. Bd3 Nc6 6. Nxc6 dxc6 7. Bf4 Qf6 8. Bc7 e5 9. Nd2 Bc5 10. Nf3 Bd6 11. Bxd6 Qxd6 12. Qd2 Ne7 13. Qa5 Ng6 14. h4 0-0 15. 0-0-0 Bg4 16. h5 Bxf3 17. Be2 Qf6 18. Bxf3 Nh4 19. Qc3 Rad8 20. Qe3 Nxf3 21. gxf3 Rxd1+ 22. Rxd1 Rd8 23. Rxd8+ Qxd8 24. h6 Qf6 25. hxg7 h5 26. Kd2 h4 27. Ke2 Kxg7 28. Qc1 h3 29. Qh1 Qh4 30. Qh2 f6 31. a4 b5 32. a5 c5 33. b3 Kf7 34. c4 b4 35. Kd1 Ke7 36. Ke2 Qh5 37. Qh1 f5 38. exf5 Qxf5 39. Qh2 Ke6 40. Qg3 Qc2+ 41. Kf1 Qd1# 0-1